| 000 | 00976nam a22002177a 4500 | ||
|---|---|---|---|
| 999 |
_c6398 _d6398 |
||
| 003 | AR-CdUCM | ||
| 008 | 190315b ||||| |||| 00| 0 spa d | ||
| 040 |
_aMUNICIPALIDAD PROVINCIAL DEL CUSCO _cBIBLIOTECA MUNICIPAL DEL CUSCO |
||
| 082 |
_a081 / _bC96 |
||
| 100 |
_aCúneo-Vidal, Rómulo _918204 |
||
| 245 | _aObras Completas / | ||
| 300 |
_a483 páginas ; _c21cm |
||
| 505 | _aContenido: t.1: Historia de la civilización peruana -- Cacicazgos del sur del Perú -- t.2: Francisco Pizarro -- t.3. Guerras de los últimos Incas peruanos -- t.4: Precursores y mártires de la independencia del Perú -- t.5: San Marcos de Arica -- Leyendas de Arica, Tarapaca y Atacama -- t.6: Diccionario histórico biográfico del sur del Perú -- t.7: Enciclopedia incana | ||
| 650 |
_aHistoria de los incas _91515 |
||
| 650 |
_aTahuantinsuyo _99815 |
||
| 650 |
_aIncas _9303 |
||
| 650 |
_aCacicazgos _918205 |
||
| 650 |
_aMártires _918206 |
||
| 942 |
_2ddc _cLIBROS |
||
| 945 | _anom | ||